Elementary statistics : a step by step approach/ (Record no. 603127)

000 -LEADER
fixed length control field 00454nam a22001577a 4500
020 ## - INTERNATIONAL STANDARD BOOK NUMBER
International Standard Book Number 9781259755330
082 ## - DEWEY DECIMAL CLASSIFICATION NUMBER
Classification number 519.5
Author Mark BLU
100 ## - MAIN ENTRY--PERSONAL NAME
Personal name Bluman, Allan G.; Mayer, John G
245 ## - TITLE STATEMENT
Title Elementary statistics : a step by step approach/
Statement of responsibility, etc. Allan G. Bluman,
250 ## - EDITION STATEMENT
Edition statement 10th edition
260 ## - PUBLICATION, DISTRIBUTION, ETC.
Place of publication, distribution, etc. New York:
Name of publisher, distributor, etc. McGraw-Hill;
Date of publication, distribution, etc. 2018.
300 ## - PHYSICAL DESCRIPTION
Extent 800p.
563 ## - BINDING INFORMATION
Binding note HB
650 ## - SUBJECT ADDED ENTRY--TOPICAL TERM
Topical term or geographic name entry element Statistics
-- Mathematical statistics
942 ## - ADDED ENTRY ELEMENTS (KOHA)
Source of classification or shelving scheme
Koha item type Book
650 ## - SUBJECT ADDED ENTRY--TOPICAL TERM
-- 118077
Holdings
Withdrawn status Lost status Source of classification or shelving scheme Damaged status Not for loan Permanent Location Current Location Date acquired Total Checkouts Total Renewals Full call number Barcode Date last seen Date last checked out Price effective from Koha item type
          Central Library (CL) Central Library (CL) 09/21/2023 1 1 519.5 BLU SEECS007132 12/29/2025 12/27/2025 09/21/2023 Book
© 2023 Central Library, National University of Sciences and Technology. All Rights Reserved.